| 000 | 00942nam0a22002531 4500 | ||
|---|---|---|---|
| 001 | rc\627804 | ||
| 005 | 20250621190708.0 | ||
| 035 | _a(NLR Aleph) 005870118 | ||
| 090 |
_a5969862 _c5969862 |
||
| 100 | _a20031121d1986 |||y0rusy50 ca | ||
| 101 | 0 | _arus | |
| 102 | _aRU | ||
| 105 | _aa ||||||||| | ||
| 200 | 1 |
_aКомплексное развитие КМА _e[Сб. ст.] _fНИИ по пробл. КМА им. Л.Д. Шевякова _g[Науч. ред. С.В. Пак] |
|
| 210 |
_aГубкин _cНИИКМА _d1986 |
||
| 215 |
_a140, [3] с., [2] л. ил. _cил. _d21 |
||
| 320 | _aБиблиогр. в конце ст. | ||
| 702 | 1 |
_aПак _bС.В. _4340 |
|
| 712 | 0 | 2 |
_aНИИ по проблемам Курской магнитной аномалии им. Л.Д. Шевякова _cГубкин, Белгор. обл. |
| 801 | 0 |
_aRU _bNLR _gpsbo |
|
| 801 | 1 |
_aRU _bELAR _2rusmarc |
|
| 852 |
_aNLR _j87-3/1862 |
||
| 942 | _cBOOK | ||
| 980 | _aNB | ||